Normal view
MARC view
- الشحات،محمد
Entry Personal Name
001 - CONTROL NUMBER
- control field: 23624
003 - CONTROL NUMBER IDENTIFIER
- control field: JO-AjAnu
005 - DATE AND TIME OF LATEST TRANSACTION
- control field: 20230606074047.0
008 - FIXED-LENGTH DATA ELEMENTS
- fixed length control field: 230606|| aca||aabn | a|a d
040 ## - CATALOGING SOURCE
- Original cataloging agency: JO-AjAnu
- Transcribing agency: JO-AjAnu
100 ## - HEADING--PERSONAL NAME
- Personal name: الشحات،محمد
670 ## - SOURCE DATA FOUND
- Source citation: Work cat.: (JO-AjAnu)12141: الشحات،محمد, author, سرديات المنفى الرواية العربية بعد عام 1969